000 00734nam a2200229Ii 4500
003 JO-AjNU
008 230605s9999||||xx |||||||||||||| ||und||
017 _a1987/9/383
040 _aJO-AjNU
_bara
_erda
_cJO-AjNU
041 _aara
050 1 4 _aKMM279.M3334.1987
100 3 _aحافظ، محمود,
_eauthor
_946646
245 0 0 _aالقضاء الاداري في الاردن
250 _aط1
264 3 1 _aعمان : الجامعة الاردنية ، 1987
300 _a188ص
336 _atext
_btxt
_2rdacontent
337 _aunmediated
_bn
_2rdamedia
338 _avolume
_bnc
_2rdacarrier
490 0 _aمنشورات الجامعة الأردنية
650 4 _aالقضاء الإداري -- الأردن
_946647
999 _aA20309
_c23877
_d23877